| 000 | 00619nam a22001937a 4500 | ||
|---|---|---|---|
| 001 | 2500 | ||
| 003 | HMS | ||
| 005 | 20250613114627.0 | ||
| 008 | 250613e1983 cl |||fqntu| 001 0 spa | ||
| 020 | _a8485298837 | ||
| 040 |
_ahms _bspa _chms |
||
| 050 | 0 | 4 |
_aWV500 _bI54 |
| 245 | 0 | 0 |
_aTrastornos fonológicos en el niño / _cEditores David Ingram, Jean Cooper. _h[libro] |
| 246 | _aTítulo original: Phonological disability in children | ||
| 260 |
_aBarcelona, España : _bEditorial Médica y Técnica, _c1983 |
||
| 300 | _a193 páginas | ||
| 490 | 1 | _aActualidades Pedagógicas y Psicológicas. | |
| 942 |
_2lcc _cCOL. RES. _n0 |
||
| 999 |
_c2500 _d2500 |
||